|
|
|
|
| LEADER |
00000cam a2200000 a 4500 |
| 001 |
vtls010267947 |
| 003 |
SK-MaSNL |
| 005 |
20260301031632.0 |
| 008 |
240318s2011 xo a d p 000 0 slo |
| 015 |
|
|
|a SNBA2011/07-04093
|
| 020 |
|
|
|a 9788022734370
|q (brož.)
|
| 035 |
|
|
|a BC883C40-2B08-4EEB-97FC-AE26527C2F8A
|
| 035 |
|
|
|a urn:nbn:sk:snk-amkw6y
|
| 035 |
|
|
|a urn:nbn:sk:snk-am0083fi
|
| 040 |
|
|
|a SNK
|b slo
|c SNK
|e AACR2
|
| 041 |
0 |
|
|a slo
|
| 044 |
|
|
|a xo
|c SK
|
| 072 |
|
7 |
|a 69
|x Stavebníctvo
|2 konspekt
|
| 072 |
|
7 |
|a 005
|x Manažment. Riadenie
|2 konspekt
|
| 080 |
|
|
|a 69
|2 2001
|
| 080 |
|
|
|a 005.8
|2 2001
|
| 080 |
|
|
|a 69:005
|2 2001
|
| 080 |
|
|
|a (075.8)
|2 2001
|
| 100 |
1 |
|
|a Petráková, Zora,
|d 1958-
|4 aut
|9 199972
|
| 245 |
1 |
0 |
|a Projekt manažment
|b riadenie stavebných projektov
|c Zora Petráková
|
| 250 |
|
|
|a 2. preprac. vyd.
|
| 260 |
|
|
|a V Bratislave
|b Slovenská technická univerzita
|c 2011
|
| 300 |
|
|
|a 134 s.
|b tab., sch.
|c 29 cm
|
| 490 |
1 |
|
|a Edícia skrípt
|
| 504 |
|
|
|a Bibliogr. s. 133-134
|
| 650 |
0 |
7 |
|a stavebníctvo
|2 SNKPH
|9 726
|
| 650 |
0 |
7 |
|a projektový manažment
|2 SNKPH
|9 937
|
| 650 |
0 |
7 |
|a stavebný manažment
|2 SNKPH
|9 74312
|
| 650 |
0 |
7 |
|a Construction management
|2 SNKPHeng
|9 327451
|
| 650 |
0 |
7 |
|a Project management
|2 SNKPHeng
|9 313543
|
| 650 |
0 |
7 |
|a Building management
|2 SNKPHeng
|9 327452
|
| 655 |
|
7 |
|a učebnice vysokých škôl
|2 SNKPH
|9 70191
|
| 655 |
|
7 |
|a Textbooks (higher)
|2 SNKPHeng
|9 276436
|
| 810 |
2 |
|
|a Slovenská technická univerzita v Bratislave
|t Edícia skrípt
|9 180632
|
| 852 |
|
|
|a Štátna vedecká knižnica v Banskej Bystrici
|
| 919 |
|
|
|a 978-80-227-3437-0
|
| 968 |
|
|
|d 0
|
| 999 |
|
|
|c 577039
|d 578969
|
| 952 |
|
|
|a SNK
|b SNK
|y PREZ
|7 0
|p 17A0702930
|o snkSB 81478
|i snk2011/11325
|8 0
|0 0
|1 0
|4 0
|d 2011-05-17
|f 1
|l 0
|r 2025-05-05 00:00:00
|w 2026-02-23
|
| 952 |
|
|
|a SNK
|b SNK
|y VYP
|7 0
|p 17A0702931
|o snkSB 81478 D1
|i snk2011/11326
|8 0
|0 0
|1 0
|4 0
|d 2011-05-17
|l 0
|r 2016-06-30 00:00:00
|w 2026-02-23
|